Bioorganičeskaja chimija fermentativnovo kataliza : Perevod s angl /

Salvato in:
Dettagli Bibliografici
Autori principali: Bender, Myron L (Autore), Bergeron, Raymond J (Autore), Komiyama, Makoto (Autore)
Natura: Libro
Pubblicazione: Moskva : Mir, 1987
Tags: Aggiungi Tag
Nessun Tag, puoi essere il primo ad aggiungerne!!

MARC

LEADER 00000nam a22000003a 4500
001 stu15584
005 20150617225758.2
008 ------s1987----xxr---------------------d
040 |a STU  |b slo 
041 0
044 |a xxr 
080 |a 577.15 
100 1 |a Bender, Myron L  |4 aut 
245 1 |a Bioorganičeskaja chimija fermentativnovo kataliza :  |b Perevod s angl /  |c [aut.]Bender,Myron L., Bergeron,Raymond J., Komiyama,Makoto 
260 |a Moskva :  |b Mir,  |c 1987 
300 |a 325 s :  |b Obr.,tab.,grafy,lit.,index 
700 1 |a Bergeron, Raymond J  |4 aut 
700 1 |a Komiyama, Makoto  |4 aut 
996 |b C78874  |c C*78874  |l CCXXVI  |s P  |a 0  |w stu15584_0001 
996 |b C79499  |c C*79499  |l CCXV  |s P  |a 0  |w stu15584_0002 
996 |b C79507  |c C*79507  |l CCXV  |s P  |a 0  |w stu15584_0003 
996 |b C79520  |c C*79520  |l CCIV  |s P  |a 0  |w stu15584_0004 
996 |b C80577  |c C*80577  |l CCXV  |s P  |a 0  |w stu15584_0005 
996 |b C79508  |c C*79508  |l CCXV  |s P  |a 0  |w stu15584_0006